Vista normal
Vista MARC
Entrada Nombre corporativo
Número de registros utilizados en: 2
001 - NÚMERO DE CONTROL
- campo de control: 3422
003 - IDENTIFICADOR DE NÚMERO DE CONTROL
- campo de control: PE-LiUPU
005 - FECHA Y HORA DE LA ÚLTIMA TRANSACCIÓN
- campo de control: 20231218121911.0
008 - ELEMENTOS DE DATO DE LONGITUD-FIJA
- campo de control de longitud fija: 231218|| aca||aabn | a|a d
040 ## - FUENTE DE CATALOGACIÓN
- Centro catalogador/agencia de origen: PE-LiUPU
110 ## - ENCABEZAMIENTO-NOMBRE DE ENTIDAD CORPORATIVA
- Nombre de entidad corporativa o nombre de jurisdicción como elemento de entrada: Universidad de los Andes (Colombia).
- Unidad subordinada: Facultad de Arquitectura y Diseño. Departamento de Arquitectura.